Vico e filangieri in Germania

保存先:
書誌詳細
第一著者: Becchi, Paolo (著者)
フォーマット: 図書
言語:イタリア語
出版事項: Nápoles Jovene 1980
主題:
タグ: タグ追加
タグなし, このレコードへの初めてのタグを付けませんか!

MARC

LEADER 00000nam a2200000 a 4500
001 UCV3005
003 CL-VaPUC
008 930304e19800000IT |||||||||||||||||ita|d
082 0 4 |a 340  |b BEC  |2 21 
100 0 |a Becchi, Paolo  |e author  |9 297283 
245 1 0 |a Vico e filangieri in Germania 
300 |a 157 p 
942 |c BK 
945 |d 19930304 00:00:00 
260 |a Nápoles  |b Jovene  |c 1980 
650 7 |a DERECHO  |2 CL-VaPUC  |9 297284 
650 0 |a Historia y crítica   |9 257407 
583 |a last modification  |c 19930304 00:00:00  |k Rodrigo Vera 
999 |c 210404  |d 210402 
952 |0 0  |1 0  |4 0  |6 340_000000000000000_BEC_1980  |7 0  |8 DER_HIS  |9 186593  |a BIBDER  |b BIBDER  |d 2019-11-14  |i 2541491  |l 1  |o 340 BEC 1980  |p 2541491  |r 2023-01-25  |s 2020-03-18  |w 2019-11-14  |x Ubicación 4to Piso  |y BK  |z Estos recursos deben solicitarse con anticipación  |k DER